Les villes et villages fleuris d'Auvergne-Rhône-Alpes - Statistiques

Statistiques générales
  • Ce quiz a été pris 37 fois
  • Le résultat moyen est 10 sur 25
Statistiques - réponses
Département Habitants Indice Réponse % Correct
69 518635 *YO* Lyon
89%
73 30563 **X-L*S-B**NS Aix-les-Bains
82%
74 131481 A**E*Y Annecy
71%
74 5719 S**NT-G*RV**S-L*S-B**NS Saint-Gervais-les-Bains
68%
74 9513 E*IA*-*E*-*AI** Evian-les-Bains
61%
69 18500 *C*LL* Ecully
54%
69 43157 *A*UI*E-E*-*UI*E Caluire-et-Cuire
50%
26 64749 *A*E**E Valence
50%
74 36582 A**E*A**E Annemasse
46%
69 4336 CH*P*NN** Chaponnay
43%
69 65894 *E*I**IEU* Vénissieux
43%
03 24166 *I**Y Vichy
39%
01 10340 D*V*NN*-L*S-B**NS Divonne-les-Bains
36%
26 4322 M*NT*L**R Montelier
29%
69 5300 *AI**-*OU* Saint-Loup
29%
01 1287 S**NT-V*LB*S Saint-Vulbas
29%
38 4500 M*R*ST*L Morestel
25%
69 5095 V*NDR*-S*R-T*RD*N* Vindry-sur-Turdine
25%
74 3356 *E*E*E Megève
18%
01 3138 V*NN*S Vonnas
18%
42 5843 *AI**-*A**IE* Saint-Galmier
14%
42 1788 **A**OEU* Chamboeuf
11%
01 5060 **A*I**ON-*U*-**A*A*O**E Châtillon-sur-Chalaronne
11%
73 518 N*NC*S Nances
7%
74 2095 *V**R* Yvoire
4%
Aucun quiz correspondant
Distribution des résultats
% des personnes avec chaque résultat
Percentile par nombre de réponses
Votre historique - résultats
Vous n’avez pas pris ce quiz